<?xml version="1.0" encoding="UTF-8"?><?xml-stylesheet type="text/xsl" href="static/style.xsl"?><OAI-PMH xmlns="http://www.openarchives.org/OAI/2.0/" xmlns:xsi="http://www.w3.org/2001/XMLSchema-instance" xsi:schemaLocation="http://www.openarchives.org/OAI/2.0/ http://www.openarchives.org/OAI/2.0/OAI-PMH.xsd"><responseDate>2026-04-18T00:42:36Z</responseDate><request verb="GetRecord" identifier="oai:www.recercat.cat:2117/446374" metadataPrefix="marc">https://recercat.cat/oai/request</request><GetRecord><record><header><identifier>oai:recercat.cat:2117/446374</identifier><datestamp>2025-11-16T17:05:01Z</datestamp><setSpec>com_2072_1033</setSpec><setSpec>col_2072_452951</setSpec></header><metadata><record xmlns="http://www.loc.gov/MARC21/slim" xmlns:dcterms="http://purl.org/dc/terms/" xmlns:xsi="http://www.w3.org/2001/XMLSchema-instance" xmlns:doc="http://www.lyncode.com/xoai" xsi:schemaLocation="http://www.loc.gov/MARC21/slim http://www.loc.gov/standards/marcxml/schema/MARC21slim.xsd">
   <leader>00925njm 22002777a 4500</leader>
   <datafield ind2=" " ind1=" " tag="042">
      <subfield code="a">dc</subfield>
   </datafield>
   <datafield ind2=" " ind1=" " tag="720">
      <subfield code="a">Martínez Sánchez, Laura</subfield>
      <subfield code="e">author</subfield>
   </datafield>
   <datafield ind2=" " ind1=" " tag="260">
      <subfield code="c">2025-06</subfield>
   </datafield>
   <datafield ind2=" " ind1=" " tag="520">
      <subfield code="a">Los principios activos procedentes de la India y China son fundamentales para el funcionamiento del sector farmacéutico en España, ya que estos dos países se han consolidado como los principales productores mundiales de APIs gracias a sus bajos costes de fabricación, su capacidad de producción a gran escala y su experiencia técnica. Más del 60% de los principios activos utilizados en medicamentos europeos, incluidos los españoles, tienen su origen en estas regiones. El objetivo de este trabajo es determinar y optimizar los costes logísticos involucrados en la importación de APIs hacia España por parte de la empresa farmacéutica Galenicum. Para este análisis, se utilizará una herramienta de análisis de datos (Tableau Desktop) con el objetivo de identificar oportunidades de mejora, eficiencia y trazabilidad en la cadena de suministro. Para poder mejorar el proceso establecido, primero es necesario entender cómo se lleva a cabo la importación del material. En el primer bloque del trabajo, nos centraremos en describir el proceso logístico actual, teniendo en cuenta las diferencias que pueden surgir en función del tipo de material importado y del país de origen. Además, analizaremos el papel que desempeña cada departamento de la empresa dentro de este proceso, con el objetivo de identificar posibles áreas de mejora. En el segundo bloque de este trabajo se desarrollará un cuadro de mando interactivo utilizando la herramienta Tableau Desktop, destinado al análisis detallado de los costes logísticos derivados de las importaciones de principios activos (APIs) durante el año 2024. El estudio permitirá desagregar los costes en función del tipo de aduana (marítima o aérea, en Barcelona o Madrid), del material importado y del mes de importación, ofreciendo una visión integral y segmentada de las operaciones logísticas. Los datos de partida serán extraídos del sistema de gestión SAP de la empresa. A partir de su procesamiento y análisis, se pretende identificar patrones de comportamiento, anomalías en los costes, y proponer medidas correctoras que contribuyan a la reducción de los costes logísticos y a la optimización del proceso de importación.</subfield>
   </datafield>
   <datafield ind1="8" ind2=" " tag="024">
      <subfield code="a">http://hdl.handle.net/2117/446374</subfield>
   </datafield>
   <datafield tag="653" ind2=" " ind1=" ">
      <subfield code="a">Àrees temàtiques de la UPC::Economia i organització d'empreses</subfield>
   </datafield>
   <datafield tag="653" ind2=" " ind1=" ">
      <subfield code="a">Àrees temàtiques de la UPC::Ciències de la salut</subfield>
   </datafield>
   <datafield tag="653" ind2=" " ind1=" ">
      <subfield code="a">Pharmaceutical industry -- Spain</subfield>
   </datafield>
   <datafield tag="653" ind2=" " ind1=" ">
      <subfield code="a">Imports -- Spain</subfield>
   </datafield>
   <datafield tag="653" ind2=" " ind1=" ">
      <subfield code="a">International trade</subfield>
   </datafield>
   <datafield tag="653" ind2=" " ind1=" ">
      <subfield code="a">Indústria farmacèutica -- Espanya</subfield>
   </datafield>
   <datafield tag="653" ind2=" " ind1=" ">
      <subfield code="a">Importacions -- Espanya</subfield>
   </datafield>
   <datafield tag="653" ind2=" " ind1=" ">
      <subfield code="a">Comerç internacional</subfield>
   </datafield>
   <datafield ind2="0" ind1="0" tag="245">
      <subfield code="a">Optimización de los costes de importación de APIS provenientes de Asia/India</subfield>
   </datafield>
</record></metadata></record></GetRecord></OAI-PMH>